000 00372nam a2200133Ia 4500
008 240624s9999 xx 000 0 und d
041 _aeng
082 _a158.7 EKK
100 _aEKKIRALA VIKRAMADITYA AND SINGH SMITA
245 _aEMOTIONAL INTELLIGENCE THEORY AND PRACTI
260 _c2021
_aIndia
_bCengage Learning
300 _axvi,: 303 p.: 23 cm.
365 _cRS
_b28
999 _c32469
_d32469